[Event "IX American Continental Classical Championship 201"]
[Site "Hotel Pipa AtlÃ¢ntico - Praia da Pipa - Rio Grande"]
[Date "2014.10.20"]
[Round "4"]
[Board "37"]
[White "Tapia Fuentes, Jaime"]
[Black "Azevedo Junior, Jose Ferreira"]
[Result "0-1"]
[WhiteElo "2208"]
[BlackElo "2088"]
[PlyCount "64"]
[EventDate "2014.10.18"]
[EventRounds "11"]
[EventCountry "BRA"]

1. e4 e5 2. Nf3 Nc6 3. d4 exd4 4. Nxd4 Nf6 5. Nxc6 bxc6 6. Bd3 d5 7. exd5 cxd5
8. O-O Be7 9. Re1 O-O 10. Nc3 Bb7 11. Ne2 c5 12. c3 Ne4 13. Be3 Bd6 14. Bxe4
dxe4 15. Bf4 Bxf4 16. Nxf4 Qg5 17. Qc1 Rad8 18. Qe3 Rd6 19. Rad1 Qd8 20. Rb1
Qc7 21. b4 cxb4 22. cxb4 Rf6 23. g3 Ba8 24. Rec1 Qb7 25. Rc5 h6 26. h4 Rd8 27.
Rbc1 Qxb4 28. Rc8 Rfd6 29. Qxa7 Bd5 30. a3 Qb2 31. Nxd5 Rxd5 32. Qa8 Qxc1+ 0-1

[Event "IX American Continental Classical Championship 201"]
[Site "Hotel Pipa AtlÃ¢ntico - Praia da Pipa - Rio Grande"]
[Date "2014.10.20"]
[Round "4"]
[Board "38"]
[White "Ferreira, Kleber Victor"]
[Black "Araujo, Jose Roberto"]
[Result "0-1"]
[WhiteElo "2079"]
[BlackElo "2205"]
[PlyCount "146"]
[EventDate "2014.10.18"]
[EventRounds "11"]
[EventCountry "BRA"]

1. e4 e6 2. d4 d5 3. c4 dxe4 4. Nc3 Nf6 5. f3 Nc6 6. Be3 Bb4 7. a3 Bxc3+ 8.
bxc3 h6 9. Qc2 exf3 10. Nxf3 O-O 11. Be2 e5 12. d5 e4 13. Nd2 Ne5 14. O-O Bg4
15. Nxe4 Nxe4 16. Bxg4 Nxg4 17. Qxe4 Qh4 18. Bf4 Nxh2 19. g3 Qh3 20. Qh1 g5 21.
Rf2 gxf4 22. Rxh2 Qg4 23. Rxh6 Qxg3+ 24. Kf1 Qd3+ 25. Kf2 Qe3+ 26. Kf1 Qd3+ 27.
Kf2 Qc2+ 28. Kf1 Kg7 29. Rh3 Rh8 30. Qg1+ Qg6 31. Qd4+ f6 32. Rxh8 Rxh8 33. Qg1
Qxg1+ 34. Kxg1 Rh3 35. Rc1 b6 36. Kg2 Rd3 37. Kf2 Kg6 38. Rg1+ Rg3 39. Rc1 Kf5
40. a4 a5 41. Ke2 Ke4 42. Kf2 Re3 43. Rd1 Rxc3 44. d6 cxd6 45. Rxd6 Rc2+ 46.
Kf1 Rb2 47. Rxf6 f3 48. Rd6 Ke3 49. Re6+ Kd4 50. Rc6 Rb3 51. Kf2 Ra3 52. Rxb6
Kxc4 53. Rb8 Rb3 54. Rf8 Kb4 55. Rf4+ Ka3 56. Re4 Rb4 57. Re8 Rf4 58. Rb8 Kxa4
59. Rb1 Ka3 60. Ra1+ Kb4 61. Rb1+ Kc5 62. Ra1 Kb5 63. Rb1+ Rb4 64. Re1 Rb3 65.
Re4 a4 66. Re8 Rc3 67. Ra8 a3 68. Ra7 Kc4 69. Ra8 Kb3 70. Rb8+ Kc2 71. Ra8 Kb2
72. Rb8+ Rb3 73. Rd8 a2 0-1

[Event "IX American Continental Classical Championship 201"]
[Site "Hotel Pipa AtlÃ¢ntico - Praia da Pipa - Rio Grande"]
[Date "2014.10.20"]
[Round "4"]
[Board "39"]
[White "Hernandez Riera, Jose"]
[Black "Okamura, Milton Kasuo"]
[Result "0-1"]
[WhiteElo "2203"]
[BlackElo "2085"]
[PlyCount "100"]
[EventDate "2014.10.18"]
[EventRounds "11"]
[EventCountry "BRA"]

1. d4 d5 2. c4 c6 3. e3 Nf6 4. Nf3 e6 5. Nbd2 Bd6 6. Bd3 Nbd7 7. O-O O-O 8. e4
dxe4 9. Nxe4 Nxe4 10. Bxe4 Qc7 11. c5 Be7 12. g3 e5 13. Nxe5 Nxc5 14. Bxh7+
Kxh7 15. Qh5+ Kg8 16. dxc5 Be6 17. Be3 Rfd8 18. f4 Rd5 19. Qe2 Bxc5 20. Bxc5
Rxc5 21. Rae1 Qb6 22. Rf2 Re8 23. Qe3 Bd5 24. Qd2 Rb5 25. b3 Rb4 26. Nd7 Rxe1+
27. Qxe1 Qd4 28. Qd2 Qe4 29. Kf1 Rd4 30. Qc2 Qxc2 31. Rxc2 Be4 32. Re2 Bd3 33.
Nc5 Bxe2+ 34. Kxe2 b6 35. Nd3 f6 36. Ke3 Rd6 37. f5 c5 38. g4 Kf7 39. h3 Rd8
40. a3 Re8+ 41. Kf3 Rh8 42. Nf4 Rd8 43. h4 Rd1 44. g5 fxg5 45. hxg5 Rb1 46. Ke4
Rxb3 47. g6+ Kg8 48. Nd5 Rxa3 49. Ke5 Rf3 50. Ke6 c4 0-1

[Event "IX American Continental Classical Championship 201"]
[Site "Hotel Pipa AtlÃ¢ntico - Praia da Pipa - Rio Grande"]
[Date "2014.10.20"]
[Round "4"]
[Board "40"]
[White "Santos Filho, Tadeu Sousa"]
[Black "Andrade, Roberto Luiz Costa"]
[Result "0-1"]
[WhiteElo "2074"]
[BlackElo "2200"]
[PlyCount "96"]
[EventDate "2014.10.18"]
[EventRounds "11"]
[EventCountry "BRA"]

1. e4 c5 2. Nc3 Nc6 3. Bb5 d6 4. Bxc6+ bxc6 5. d3 Rb8 6. f4 g6 7. b3 Bg7 8. Bd2
Nh6 9. Nf3 Qb6 10. Na4 Qc7 11. Rb1 O-O 12. O-O f5 13. Qe2 Nf7 14. Bc3 Bh6 15.
g3 fxe4 16. dxe4 Bh3 17. Rf2 Bg4 18. Qc4 Qd7 19. Rd1 Qe6 20. Qd3 Rbd8 21. Re1
Qc8 22. Qc4 Be6 23. Qe2 Bg4 24. Qc4 Be6 25. Qe2 Rde8 26. Ba1 Bg7 27. Bxg7 Kxg7
28. Qd3 Bg4 29. Nh4 Nh6 30. e5 Bf5 31. Qc3 Kg8 32. exd6 exd6 33. Rfe2 Bg4 34.
Re7 Rxe7 35. Rxe7 Rf7 36. Re3 Nf5 37. Nxf5 Qxf5 38. Qc4 Qd5 39. Qd3 Bf5 40. Qe2
Bh3 41. Re8+ Rf8 42. Re7 Qd4+ 43. Qf2 Rf7 44. Re8+ Kg7 45. c3 Qd1+ 46. Re1 Qd5
47. Qe2 Kh6 48. Nb2 Re7 0-1

[Event "IX American Continental Classical Championship 201"]
[Site "Hotel Pipa AtlÃ¢ntico - Praia da Pipa - Rio Grande"]
[Date "2014.10.20"]
[Round "4"]
[Board "41"]
[White "Silveira Filho, Neri Da Silva"]
[Black "Bastos, Werton Alvarenga"]
[Result "1/2-1/2"]
[WhiteElo "2200"]
[BlackElo "2071"]
[PlyCount "242"]
[EventDate "2014.10.18"]
[EventRounds "11"]
[EventCountry "BRA"]

1. d4 Nf6 2. Nc3 d5 3. Bg5 Nbd7 4. Nf3 c6 5. e3 e6 6. Bd3 Bd6 7. e4 dxe4 8.
Nxe4 Be7 9. Qe2 Nxe4 10. Bxe7 Qxe7 11. Bxe4 Nf6 12. Bd3 Bd7 13. O-O O-O 14. Ne5
c5 15. Nxd7 Nxd7 16. d5 Rfe8 17. Rfe1 Qd6 18. Rad1 exd5 19. Qxe8+ Rxe8 20.
Rxe8+ Nf8 21. Ra8 g6 22. Bc4 d4 23. Re1 Kg7 24. Ree8 Ne6 25. Bxe6 fxe6 26. Rxa7
Qf4 27. Rxb7+ Kh6 28. g3 Qc1+ 29. Kg2 Qxc2 30. Rxe6 Qc4 31. Ree7 Qd5+ 32. f3
Qc4 33. Rxh7+ Kg5 34. h4+ Kf6 35. Rb6+ Ke5 36. Kh3 Qf1+ 37. Kg4 Qb1 38. Re7+
Kd5 39. Re4 Qxa2 40. Ree6 d3 41. Rbd6+ Kc4 42. Re4+ Kb5 43. Rxd3 Qxb2 44. Rd5
Qh8 45. Ree5 Qc8+ 46. Kg5 Qf8 47. Rxc5+ Kb6 48. Kg4 Qf7 49. Rcd5 Qf6 50. Re8
Qf7 51. Rde5 Qc4+ 52. f4 Qd3 53. R8e6+ Kc7 54. Rc5+ Kb7 55. Re1 Qd7+ 56. Kg5
Qd8+ 57. Kg4 Qd7+ 58. Kf3 Qd3+ 59. Re3 Qd1+ 60. Ke4 Qa4+ 61. Ke5 Qe8+ 62. Kd4
Qa4+ 63. Rc4 Qd7+ 64. Kc3 Qd1 65. Rb4+ Kc7 66. Rb3 Qd6 67. Re4 Qf6+ 68. Kd3
Qa6+ 69. Ke3 Qa1 70. Rc4+ Kd6 71. Rd3+ Ke6 72. Rc6+ Kf5 73. Rd5+ Kg4 74. Rxg6+
Kh3 75. Rdd6 Qa4 76. h5 Qa7+ 77. Ke4 Qe7+ 78. Kf5 Qf7+ 79. Ke5 Qe7+ 80. Rge6
Qg7+ 81. Ke4 Qb7+ 82. Kf5 Kxg3 83. h6 Qf7+ 84. Kg5 Qxf4+ 85. Kg6 Qc4 86. Rc6
Qd3+ 87. Kf6 Qd8+ 88. Ke5 Qb8+ 89. Kd5 Qb5+ 90. Kd6 Qb8+ 91. Ke7 Qb7+ 92. Kf8
Qb8+ 93. Kf7 Qb7+ 94. Kg8 Qb8+ 95. Kf7 Qb7+ 96. Kf8 Qb8+ 97. Ke7 Qb7+ 98. Kd8
Qa8+ 99. Kd7 Qb7+ 100. Rc7 Qd5+ 101. Rd6 Qf7+ 102. Kc6 Qc4+ 103. Kb7 Qe4+ 104.
Rdc6 Qb4+ 105. Ka7 Qa5+ 106. Kb8 Qb4+ 107. Rb7 Qf8+ 108. Ka7 Qa3+ 109. Ra6 Qc5+
110. Rab6 Qa3+ 111. Kb8 Qf8+ 112. Kc7 Qe7+ 113. Kc6 Qe6+ 114. Kc5 Qe5+ 115. Kb4
Qd4+ 116. Ka3 Qc5+ 117. Kb2 Qf2+ 118. Ka1 Qe1+ 119. Ka2 Qd2+ 120. Ka3 Qc1+ 121.
Kb3 Qe3+ 1/2-1/2

[Event "IX American Continental Classical Championship 201"]
[Site "Hotel Pipa AtlÃ¢ntico - Praia da Pipa - Rio Grande"]
[Date "2014.10.20"]
[Round "4"]
[Board "42"]
[White "Parente, Renan Braz"]
[Black "Cavalcanti, Francisco De Assis"]
[Result "1-0"]
[WhiteElo "2071"]
[BlackElo "2186"]
[PlyCount "63"]
[EventDate "2014.10.18"]
[EventRounds "11"]
[EventCountry "BRA"]

1. d4 Nf6 2. Nf3 e6 3. c4 c5 4. d5 exd5 5. cxd5 d6 6. Nc3 g6 7. Nd2 Bg7 8. e4
O-O 9. Bd3 Nbd7 10. O-O Ne5 11. Be2 a6 12. a4 Rb8 13. h3 g5 14. Nf3 Nxf3+ 15.
Bxf3 h6 16. Be3 Re8 17. Qd2 b5 18. axb5 axb5 19. Ra7 b4 20. Ne2 Nxe4 21. Bxe4
Rxe4 22. Ng3 Rh4 23. Re1 c4 24. Bxg5 Qxg5 25. Re8+ Bf8 26. Qxg5+ hxg5 27. Rc7
Rd4 28. Rcxc8 Rxc8 29. Rxc8 b3 30. Nf5 Rd1+ 31. Kh2 Rxd5 32. Ne7+ 1-0

[Event "IX American Continental Classical Championship 201"]
[Site "Hotel Pipa AtlÃ¢ntico - Praia da Pipa - Rio Grande"]
[Date "2014.10.20"]
[Round "4"]
[Board "43"]
[White "Aliaga Fernandez, Ingrid Y"]
[Black "Ferreira, Jose Carlos"]
[Result "1-0"]
[WhiteElo "2181"]
[BlackElo "1884"]
[PlyCount "80"]
[EventDate "2014.10.18"]
[EventRounds "11"]
[EventCountry "BRA"]

1. e4 c5 2. Nf3 e6 3. d4 cxd4 4. Nxd4 a6 5. c4 Nf6 6. Nc3 Be7 7. e5 Ng8 8. Be3
d6 9. exd6 Bxd6 10. Qg4 Be5 11. Rd1 Qe7 12. Bd3 f5 13. Qe2 Nd7 14. f4 Bxd4 15.
Bxd4 Ngf6 16. O-O Kf7 17. a3 Re8 18. b4 Kg8 19. c5 Kh8 20. Rfe1 Nf8 21. Bxf5
Bd7 22. Bb1 Qf7 23. Be5 Bc6 24. Bd6 Nd5 25. Nxd5 exd5 26. Qd3 Rxe1+ 27. Rxe1
Re8 28. Rxe8 Qxe8 29. Bxf8 Qe1+ 30. Qf1 Qe3+ 31. Kh1 Bb5 32. Qg1 Qxa3 33. Qe1
d4 34. h3 Bc6 35. Kh2 Qb2 36. Qg3 g6 37. Bd3 Kg8 38. Bd6 Qxb4 39. f5 Be8 40.
fxg6 h6 1-0

[Event "IX American Continental Classical Championship 201"]
[Site "Hotel Pipa AtlÃ¢ntico - Praia da Pipa - Rio Grande"]
[Date "2014.10.20"]
[Round "4"]
[Board "44"]
[White "Fiora, Emilio"]
[Black "Souza Neves, Andrey M."]
[Result "1-0"]
[WhiteElo "2058"]
[BlackElo "2173"]
[PlyCount "113"]
[EventDate "2014.10.18"]
[EventRounds "11"]
[EventCountry "BRA"]

1. d4 Nf6 2. Nc3 d5 3. Bg5 c5 4. Bxf6 exf6 5. e4 dxe4 6. dxc5 Qa5 7. Qd5 Qxc5
8. O-O-O Qxd5 9. Nxd5 Bd6 10. Nxf6+ gxf6 11. Rxd6 Be6 12. Rd4 f5 13. f3 Nc6 14.
Bb5 Bd7 15. Rd5 O-O-O 16. Nh3 a6 17. Bxc6 Bxc6 18. Rxf5 e3 19. Re5 Rhe8 20.
Rxe8 Rxe8 21. Re1 b5 22. Nf4 b4 23. Ne2 Re5 24. Ng3 Bb5 25. f4 Re6 26. Nf5 e2
27. Nd4 Rh6 28. Nxb5 axb5 29. h3 Rh4 30. Rxe2 Rxf4 31. b3 Kc7 32. Re5 Kc6 33.
Rh5 Rf1+ 34. Kb2 f5 35. Rxh7 Rg1 36. Rf7 Rxg2 37. Rf6+ Kc5 38. Rxf5+ Kc6 39.
Rh5 Rh2 40. h4 Kb6 41. Rh8 Kb7 42. h5 Ka7 43. h6 Kb7 44. Kc1 Ka7 45. h7 Kb7 46.
Kd1 Rh4 47. Ke2 Ka7 48. Kf3 Kb7 49. Kg3 Rh1 50. Kg4 Ka7 51. Kf5 Rh2 52. Ke5 Kb7
53. Kd5 Rh5+ 54. Kd6 Ka7 55. Kc6 Rh6+ 56. Kxb5 Rh4 57. Rc8 1-0

[Event "IX American Continental Classical Championship 201"]
[Site "Hotel Pipa AtlÃ¢ntico - Praia da Pipa - Rio Grande"]
[Date "2014.10.20"]
[Round "4"]
[Board "45"]
[White "Pinto, Rafael Henrique"]
[Black "Martins, George Evandro Barret"]
[Result "1-0"]
[WhiteElo "2042"]
[BlackElo "2276"]
[PlyCount "69"]
[EventDate "2014.10.18"]
[EventRounds "11"]
[EventCountry "BRA"]

1. d4 d5 2. c4 e6 3. Nf3 c5 4. cxd5 exd5 5. g3 Nc6 6. Nc3 Nf6 7. Bg2 Be7 8. O-O
O-O 9. Bg5 c4 10. b3 cxb3 11. Qxb3 Na5 12. Qb5 a6 13. Qd3 Be6 14. Ne5 h6 15.
Bd2 Nc4 16. f4 Nxd2 17. Qxd2 Bf5 18. Qb2 b5 19. Qb3 Be4 20. Nxe4 dxe4 21. Rfd1
Rc8 22. e3 Qc7 23. Bh3 Bd6 24. Bxc8 Qxc8 25. Kg2 h5 26. Rdc1 Qf5 27. Rc6 Bxe5
28. dxe5 Ng4 29. Rf1 Rd8 30. Rd6 Rxd6 31. exd6 Qc5 32. d7 Qc7 33. Rd1 Qd8 34.
Qc3 Kf8 35. Qc5+ 1-0

[Event "IX American Continental Classical Championship 201"]
[Site "Hotel Pipa AtlÃ¢ntico - Praia da Pipa - Rio Grande"]
[Date "2014.10.20"]
[Round "4"]
[Board "46"]
[White "Macedo, Maximo Valerio"]
[Black "Terao, Juliana Sayumi"]
[Result "1-0"]
[WhiteElo "2085"]
[BlackElo "2229"]
[PlyCount "91"]
[EventDate "2014.10.18"]
[EventRounds "11"]
[EventCountry "BRA"]

1. f4 c5 2. Nf3 Nf6 3. g3 g6 4. Bg2 Bg7 5. O-O d5 6. d3 Nc6 7. c3 O-O 8. Qe1 b6
9. Na3 Re8 10. e4 d4 11. c4 e5 12. Bd2 a6 13. Nh4 exf4 14. gxf4 Bb7 15. Nc2 Nh5
16. Bf3 Bf6 17. Ng2 Ng7 18. Qf2 b5 19. b3 Rb8 20. Nce1 bxc4 21. bxc4 Ba8 22.
Bd1 Rb2 23. Ba4 Kh8 24. Nc2 Rb6 25. Rab1 Rf8 26. Rb3 Qc7 27. Rfb1 Rfb8 28. Qe1
Rxb3 29. Rxb3 Nh5 30. Qc1 Rg8 31. Nce1 g5 32. Bxc6 Bxc6 33. fxg5 Be5 34. Nf3
Bd6 35. Qe1 f5 36. Qh4 Ng7 37. g6 Ne8 38. Qxh7+ Qxh7 39. gxh7 Kxh7 40. Ng5+ Kg6
41. Rb6 fxe4 42. dxe4 Kh5 43. Rxc6 Rxg5 44. Bxg5 Kxg5 45. e5 Bxe5 46. Re6 1-0

[Event "IX American Continental Classical Championship 201"]
[Site "Hotel Pipa AtlÃ¢ntico - Praia da Pipa - Rio Grande"]
[Date "2014.10.20"]
[Round "4"]
[Board "47"]
[White "Rothebarth, Ana Vitoria De Pau"]
[Black "Sega, Carlos Alberto"]
[Result "1/2-1/2"]
[WhiteElo "2042"]
[BlackElo "2218"]
[PlyCount "63"]
[EventDate "2014.10.18"]
[EventRounds "11"]
[EventCountry "BRA"]

1. e4 e5 2. Nf3 Nc6 3. Bb5 a6 4. Ba4 Nf6 5. O-O b5 6. Bb3 Be7 7. Re1 d6 8. c3
O-O 9. d4 Bg4 10. Be3 Qc8 11. Nbd2 Na5 12. Bc2 c5 13. h3 Bxf3 14. Nxf3 cxd4 15.
cxd4 Nc4 16. Bc1 Qc7 17. b3 Nb6 18. Bb2 Nbd7 19. Rc1 Rac8 20. Qd2 Rfd8 21. Bb1
Qb8 22. Qa5 Rxc1 23. Rxc1 Qa8 24. dxe5 dxe5 25. Nxe5 Nxe5 26. Bxe5 Nxe4 27.
Bxe4 Qxe4 28. Bc7 Rc8 29. Re1 Qb4 30. Rd1 Qxa5 31. Bxa5 h5 32. Rd7 1/2-1/2

[Event "IX American Continental Classical Championship 201"]
[Site "Hotel Pipa AtlÃ¢ntico - Praia da Pipa - Rio Grande"]
[Date "2014.10.20"]
[Round "4"]
[Board "48"]
[White "Caetano, Hugo Zanotti Mendonca"]
[Black "Haskin, Zachary J"]
[Result "1-0"]
[WhiteElo "2209"]
[BlackElo "1976"]
[PlyCount "75"]
[EventDate "2014.10.18"]
[EventRounds "11"]
[EventCountry "BRA"]

1. d4 Nf6 2. c4 g6 3. Nc3 Bg7 4. e4 d6 5. f3 O-O 6. Bg5 c5 7. d5 e6 8. Qd2 exd5
9. cxd5 a6 10. a4 Nbd7 11. Nge2 Ne5 12. Nc1 h6 13. Be3 Re8 14. Be2 Kh7 15. O-O
Bd7 16. h3 Bc8 17. Rb1 Qc7 18. b3 Nh5 19. Kh2 Nf6 20. N1a2 Ned7 21. Rfc1 Qd8
22. b4 Nh5 23. g3 cxb4 24. Nxb4 Nf8 25. Nd3 Qe7 26. Nf2 f5 27. Bd4 Nf6 28. Re1
fxe4 29. Ncxe4 N8d7 30. Nxf6+ Bxf6 31. Bb5 Be5 32. Bxe5 dxe5 33. d6 Qf8 34.
Bxd7 Bxd7 35. Rxb7 Rad8 36. Ng4 Re6 37. Rxe5 Qxd6 38. Rd5 1-0

[Event "IX American Continental Classical Championship 201"]
[Site "Hotel Pipa AtlÃ¢ntico - Praia da Pipa - Rio Grande"]
[Date "2014.10.20"]
[Round "4"]
[Board "49"]
[White "Magas Varas, Rodrigo"]
[Black "Herman, Diego"]
[Result "1-0"]
[WhiteElo "2041"]
[BlackElo "2198"]
[PlyCount "75"]
[EventDate "2014.10.18"]
[EventRounds "11"]
[EventCountry "BRA"]

1. e4 Nc6 2. d4 d6 3. Nf3 Bg4 4. Be2 Nf6 5. Nc3 e6 6. Be3 Be7 7. Nd2 Bxe2 8.
Qxe2 Qd7 9. O-O a6 10. f4 h5 11. Kh1 d5 12. exd5 exd5 13. Nf3 O-O 14. Ne5 Qf5
15. Bg1 Rfe8 16. Nd1 Qe4 17. Qd2 Bd6 18. c3 Ne7 19. Nf2 Qh7 20. Rae1 Nf5 21.
Qd1 h4 22. Nh3 Ne4 23. Rxe4 dxe4 24. Ng5 Rxe5 25. Nxh7 Rb5 26. Ng5 Re8 27. b3
e3 28. Qh5 Nh6 29. Qxh4 f6 30. Nh3 Kf7 31. Re1 Rh8 32. Bxe3 g6 33. c4 Rh5 34.
Qf2 Nf5 35. c5 Bf8 36. g4 Ng3+ 37. Qxg3 Rxh3 38. Qg2 1-0

[Event "IX American Continental Classical Championship 201"]
[Site "Hotel Pipa AtlÃ¢ntico - Praia da Pipa - Rio Grande"]
[Date "2014.10.20"]
[Round "4"]
[Board "50"]
[White "Barata, Adriano Albiani"]
[Black "Cabezas Rojas, Bastian"]
[Result "0-1"]
[WhiteElo "2171"]
[BlackElo "1942"]
[PlyCount "72"]
[EventDate "2014.10.18"]
[EventRounds "11"]
[EventCountry "BRA"]

1. e4 e5 2. Nf3 Nc6 3. Bb5 a6 4. Ba4 Nf6 5. O-O Be7 6. Re1 b5 7. Bb3 O-O 8. a4
Bb7 9. d3 d6 10. Nc3 b4 11. Nd5 Nxd5 12. Bxd5 Rb8 13. c3 bxc3 14. bxc3 Na5 15.
Ba2 c5 16. d4 Qc7 17. Bg5 Bxg5 18. Nxg5 h6 19. Nf3 c4 20. Nh4 Bc8 21. Nf5 Bxf5
22. exf5 Nb3 23. Rb1 exd4 24. cxd4 Na5 25. f6 Rfe8 26. Rxe8+ Rxe8 27. Rc1 d5
28. fxg7 Qf4 29. g3 Qg5 30. Rb1 c3 31. Kf1 Qf5 32. Rc1 Qe4 33. Kg1 Qe2 34. Bxd5
Qd2 35. Kf1 Rd8 36. Bf3 Rxd4 {tempo} 0-1

[Event "IX American Continental Classical Championship 201"]
[Site "Hotel Pipa AtlÃ¢ntico - Praia da Pipa - Rio Grande"]
[Date "2014.10.20"]
[Round "4"]
[Board "51"]
[White "Caceres Leal, Jaime"]
[Black "Luz, Arthur Nader"]
[Result "1/2-1/2"]
[WhiteElo "2157"]
[BlackElo "1885"]
[PlyCount "96"]
[EventDate "2014.10.18"]
[EventRounds "11"]
[EventCountry "BRA"]

1. d4 Nf6 2. Nf3 g6 3. g3 Bg7 4. Bg2 O-O 5. O-O d6 6. b3 Nc6 7. Bb2 e5 8. dxe5
Ng4 9. Nbd2 Ngxe5 10. Qc1 Qe7 11. Nxe5 Nxe5 12. Nf3 Nxf3+ 13. Bxf3 Be5 14. c4
a5 15. Re1 Qf6 16. Bxe5 Qxe5 17. a3 Be6 18. Qc2 Bf5 19. Qd2 Be4 20. Bxe4 Qxe4
21. Qd5 Rfe8 22. Qxe4 Rxe4 23. e3 Rae8 24. Rec1 Ra8 25. Rc3 h5 26. Rd1 b6 27.
f3 Re6 28. Kf2 Kg7 29. h4 Rae8 30. Rg1 Re5 31. f4 Re4 32. b4 axb4 33. axb4 Ra8
34. Kf3 f5 35. c5 bxc5 36. bxc5 d5 37. c6 Kf6 38. Rd1 Ke6 39. Rcd3 Rd8 40. Rc1
Kd6 41. Rxd5+ Kxd5 42. Rd1+ Kxc6 43. Rxd8 Kc5 44. Ke2 Re6 45. Rc8 c6 46. Kd2
Rd6+ 47. Kc3 Re6 48. Kd3 Rd6+ 1/2-1/2

[Event "IX American Continental Classical Championship 201"]
[Site "Hotel Pipa AtlÃ¢ntico - Praia da Pipa - Rio Grande"]
[Date "2014.10.20"]
[Round "4"]
[Board "52"]
[White "Beckerman, M."]
[Black "Pinto, Carlos Henrique Lopes"]
[Result "1-0"]
[WhiteElo "2019"]
[BlackElo "2116"]
[PlyCount "67"]
[EventDate "2014.10.18"]
[EventRounds "11"]
[EventCountry "BRA"]

1. e4 e6 2. Nf3 d5 3. e5 c5 4. g3 Nc6 5. Bg2 Qc7 6. Qe2 b6 7. O-O a5 8. Re1 Ba6
9. d3 g6 10. c3 h6 11. a4 g5 12. h3 Nge7 13. Na3 Ng6 14. Nb5 Qd7 15. d4 cxd4
16. cxd4 Nb4 17. Ra3 Be7 18. Bf1 O-O 19. Qd1 Rfc8 20. Rc3 Na2 21. Rxc8+ Rxc8
22. Bd2 Nb4 23. Re3 Bf8 24. Nh2 Bxb5 25. Bxb5 Qb7 26. Ng4 Nc2 27. Nf6+ Kg7 28.
Rd3 Be7 29. Qh5 Rf8 30. f4 gxf4 31. gxf4 Bxf6 32. exf6+ Kxf6 33. Rg3 Nb4 34.
Rxg6+ 1-0

[Event "IX American Continental Classical Championship 201"]
[Site "Hotel Pipa AtlÃ¢ntico - Praia da Pipa - Rio Grande"]
[Date "2014.10.20"]
[Round "4"]
[Board "53"]
[White "Araujo, Sergio Murilo"]
[Black "Meneghetti, Alexandre"]
[Result "0-1"]
[WhiteElo "2109"]
[BlackElo "1708"]
[PlyCount "104"]
[EventDate "2014.10.18"]
[EventRounds "11"]
[EventCountry "BRA"]

1. c4 c5 2. Nc3 Nf6 3. Nf3 g6 4. g3 b6 5. Bg2 Bb7 6. O-O Bg7 7. d4 cxd4 8. Qxd4
Nc6 9. Qh4 h6 10. Nd5 e6 11. Nxf6+ Qxf6 12. Qe4 O-O 13. Qd3 Rfd8 14. c5 bxc5
15. Qb5 Rab8 16. Qxc5 d6 17. Qa3 Nd4 18. Nxd4 Bxg2 19. Kxg2 Qxd4 20. Qf3 Qa4
21. b3 Qa5 22. Rb1 Qxa2 23. Bf4 Rb6 24. h4 a5 25. Qe3 Rdb8 26. Bxh6 Rxb3 27.
Rxb3 Qxb3 28. Qg5 Qb5 29. Qd2 Qb2 30. Qg5 Bxh6 31. Qxh6 Qxe2 32. Qf4 Qe5 33.
Qc1 d5 34. Re1 Qb2 35. Qc7 a4 36. h5 g5 37. Re5 Kh8 38. Rxg5 Rg8 39. Re5 a3 40.
Re1 a2 41. Qa5 Qb1 42. Qc3+ Kh7 43. Qe5 Ra8 44. Qa1 Rb8 45. h6 Qxa1 46. Rxa1
Ra8 47. Kf3 Kxh6 48. Kf4 f6 49. g4 Ra4+ 50. Kg3 e5 51. f3 Kg5 52. Kh3 e4 0-1

[Event "IX American Continental Classical Championship 201"]
[Site "Hotel Pipa AtlÃ¢ntico - Praia da Pipa - Rio Grande"]
[Date "2014.10.20"]
[Round "4"]
[Board "54"]
[White "Lopes Silva, Luiz Eduardo"]
[Black "Daneri, Martin"]
[Result "0-1"]
[WhiteElo "2003"]
[BlackElo "2099"]
[PlyCount "96"]
[EventDate "2014.10.18"]
[EventRounds "11"]
[EventCountry "BRA"]

1. e4 e6 2. d4 d5 3. Nc3 Bb4 4. e5 c5 5. a3 Bxc3+ 6. bxc3 Qa5 7. Qd2 b6 8. f4
Ne7 9. Nf3 h5 10. Bd3 Ba6 11. O-O Bxd3 12. Qxd3 Qa6 13. Qxa6 Nxa6 14. Nh4 g6
15. Be3 Rc8 16. dxc5 Nxc5 17. Bxc5 Rxc5 18. Rf3 Kd7 19. Rb1 Rhc8 20. Rb3 Nc6
21. a4 Na5 22. Ra3 Nc4 23. Ra2 Nd2 24. Rd3 Ne4 25. Nf3 Nxc3 26. Ra3 Ne2+ 27.
Kf1 Rxc2 28. g3 Nc3 29. Nd4 Rc1+ 30. Kg2 a6 31. h3 Rc4 32. a5 b5 33. g4 h4 34.
f5 gxf5 35. gxf5 Ne4 36. fxe6+ fxe6 37. Ra2 R4c3 38. Rf3 Rxf3 39. Nxf3 Nc5 40.
Nxh4 b4 41. Kf3 b3 42. Rb2 Rc2 43. Rb1 b2 44. Ng6 Na4 45. h4 Nc3 46. Rxb2 Rxb2
47. Kg3 Ne4+ 48. Kf3 Ke8 0-1

[Event "IX American Continental Classical Championship 201"]
[Site "Hotel Pipa AtlÃ¢ntico - Praia da Pipa - Rio Grande"]
[Date "2014.10.20"]
[Round "4"]
[Board "55"]
[White "Fragoso, Evander Correa"]
[Black "Pereira, Silvio Cunha"]
[Result "0-1"]
[WhiteElo "1913"]
[BlackElo "2335"]
[PlyCount "40"]
[EventDate "2014.10.18"]
[EventRounds "11"]
[EventCountry "BRA"]

1. d4 f5 2. e4 fxe4 3. Nc3 Nf6 4. Bg5 Nc6 5. d5 Ne5 6. f4 Nf7 7. h4 c6 8. Bc4
Nd6 9. Bb3 c5 10. Qe2 Qa5 11. O-O-O b5 12. Bxf6 gxf6 13. Nxe4 Nxe4 14. Qxe4 c4
15. Bxc4 bxc4 16. d6 Rb8 17. dxe7 Bh6 18. Rh3 Qxa2 19. Ne2 Qxb2+ 20. Kd2 d5 0-1

[Event "IX American Continental Classical Championship 201"]
[Site "Hotel Pipa AtlÃ¢ntico - Praia da Pipa - Rio Grande"]
[Date "2014.10.20"]
[Round "4"]
[Board "56"]
[White "Manzi, Luiz Antonio Bardaro"]
[Black "Lima, Alan Silva De"]
[Result "1-0"]
[WhiteElo "2092"]
[BlackElo "1904"]
[PlyCount "119"]
[EventDate "2014.10.18"]
[EventRounds "11"]
[EventCountry "BRA"]

1. Nf3 c5 2. b3 d6 3. Bb2 a6 4. e3 b5 5. d4 cxd4 6. exd4 e6 7. Bd3 Bb7 8. Nbd2
Nf6 9. O-O Be7 10. Qe2 O-O 11. Rfe1 Re8 12. Rad1 Nbd7 13. h3 Qc7 14. Ng5 Nf8
15. c4 Qc6 16. d5 exd5 17. cxb5 Qc8 18. bxa6 Bxa6 19. Bxa6 Qxa6 20. Qxa6 Rxa6
21. a4 h6 22. Bxf6 gxf6 23. Ngf3 Ne6 24. Rc1 Bd8 25. Rc8 Kf8 26. Rec1 Ba5 27.
Rxe8+ Kxe8 28. Kf1 Kd7 29. g3 Rb6 30. Ke2 Bb4 31. Nf1 d4 32. N1d2 Bc3 33. Rb1
Nc5 34. g4 Ke6 35. Kf1 f5 36. Kg2 f4 37. h4 f6 38. Rd1 Kd5 39. Kh3 Ne4 40. a5
Rb8 41. Nxe4 Kxe4 42. Kg2 Rxb3 43. Rxd4+ Bxd4 44. Nd2+ Kd5 45. Nxb3 Ba7 46. Kf3
Kc6 47. Kxf4 Bxf2 48. h5 d5 49. Kf5 Be3 50. Na1 Kb5 51. Nc2 Bg5 52. Ke6 Kxa5
53. Kxd5 Kb6 54. Nd4 Kb7 55. Ke6 Kc7 56. Nf5 Kd8 57. Nd6 Bf4 58. Nf7+ Ke8 59.
Kxf6 Kf8 60. Kg6 1-0

[Event "IX American Continental Classical Championship 201"]
[Site "Hotel Pipa AtlÃ¢ntico - Praia da Pipa - Rio Grande"]
[Date "2014.10.20"]
[Round "4"]
[Board "57"]
[White "Camara, Jose Arruda"]
[Black "Fiaes, Mario Henrique Andrade"]
[Result "0-1"]
[WhiteElo "1905"]
[BlackElo "2070"]
[PlyCount "90"]
[EventDate "2014.10.18"]
[EventRounds "11"]
[EventCountry "BRA"]

1. e4 e5 2. Nf3 Nc6 3. Bc4 Bc5 4. b4 Bxb4 5. c3 Bc5 6. d4 exd4 7. O-O Bb6 8.
cxd4 Na5 9. Bd3 Ne7 10. Nc3 O-O 11. Bg5 f6 12. Bh4 d6 13. h3 Bd7 14. e5 Bf5 15.
exf6 gxf6 16. Re1 Nac6 17. Ne4 Bxe4 18. Bxe4 d5 19. Bc2 Ng6 20. Bxg6 hxg6 21.
Qd3 Kg7 22. Ne5 Ne7 23. Ng4 Nf5 24. Bg3 Bxd4 25. Rad1 c5 26. Bh2 Qd7 27. Qf3
Rae8 28. Bf4 b5 29. Kh2 b4 30. Qb3 a5 31. Qc2 Rxe1 32. Rxe1 Re8 33. Rd1 a4 34.
Rxd4 cxd4 35. Qd2 Qb5 36. Nh6 Nxh6 37. Bxh6+ Kf7 38. Bf4 d3 39. Qb2 Kg7 40. Qd4
Re7 41. Bd6 Rb7 42. Qe3 b3 43. axb3 axb3 44. g4 d4 45. Qxd4 b2 0-1